000 01392cam a2200409 i 4500
001 sjds zcvld0 b60254
003 sjds
005 20230613205510.0
008 950621s1995 nyua j 000 1 eng
010 _a95030918
020 _a0517149044
020 _a9780517149041
035 _a(DLC) 95030918
039 _a97076
_cTLC
040 _aDLC
_cDLC
_dDLC
_dTLC
_erda
_dUtOrBLW
041 _aeng
042 _alcac
050 0 0 _aPZ7.P85
_bTn 1995
082 0 0 _a[E]
_220
100 1 _aPotter, Beatrix,
_d1866-1943,
_eauthor.
_0(DLC)n 80017651.
245 1 2 _aA Treasury of bunny stories /
_cby Beatrix Potter.
246 _aA Treasury of bunny stories
260 _aNew York :
_bDerrydale Books ;
_aAvenel, N.J. :
_bdistributed by Random House.
_cc1995.
264 1 _aNew York :
_bDerrydale Books.
264 2 _aAvenel, N.J. :
_bRandom House.
264 4 _cc1995.
300 _a275 pages :
_bcolor illustrations ;
_c21 cm.
336 _atext
_btxt
_2rdacontent.
337 _aunmediated
_bn
_2rdamedia.
338 _avolume
_bnc
_2rdacarrier.
380 _aFiction
_2marcgt.
380 _aBook
_aBook
_2tlcgt.
385 _aJuvenile
_2tlctarget.
505 0 _aThe tale of Peter Rabbit -- The tale of Benjamin Bunny -- The tale of the Flopsy Bunnies -- The tale of Mr. Tod -- The story of a fierce bad Rabbit.
650 1 _aRabbits
_vFiction.
_0(DLC)sh 85110203.
942 _cBK
999 _c28168
_d28168